000 00626nam a2200181Ia 4500
003 GCL
008 140319s9999 xx 000 0 ara d
040 _aGCL /
_cGCL
082 0 4 _a320
_bا م
100 1 _aاسماعيل على سعد
245 1 0 _aمبادىء علم السياسة : دراسة فى العلاقة بين علم السياسة والسياسة الاجتماعية /
_cاسماعيل على سعد
260 _a[S.N] :
_bدار المعرفة الجامعية ،
_c1992
300 _a431 ص
490 _a
650 0 4 _aالسياسة
650 0 4 _aالاجتماع السياسى
942 _2ddc
_cBK
999 _c29092
_d29092